Statistics for Most Famous People 2024 Part 2

Click here to take the quiz!

General Stats

  • This quiz has been taken 8 times
  • The average score is 1 of 10

Answer Stats

HintAnswer% Correct
#17Donald Trump
100%
#13Barack Obama
14%
#20Leonardo DiCaprio
14%
#16Rihanna
14%
#15Johnny Depp
0%
#18Justin Bieber
0%
#19Robert Downey Jr.
0%
#14Shakira
0%
#12Tom Cruise
0%
#11Warren Buffett
0%

Score Distribution

Percentile by Number Answered

Percent of People with Each Score

Your Score History

You have not taken this quiz